|
|
|
|
| LEADER |
01347nam a22002897a 4500 |
| 001 |
40812 |
| 003 |
BD-DhAAL |
| 005 |
20230207162652.0 |
| 008 |
230206r20222000bg ||||| |||| 00| 0 ben d |
| 020 |
|
|
|a 9844151058
|
| 040 |
|
|
|a BD-DhAAL
|d BD-DhAAL
|
| 041 |
|
|
|a ben
|
| 082 |
|
|
|a 954.9205
|2 23
|
| 245 |
|
|
|a মুক্তিযুদ্ধের কবিতা /
|c সম্পাদনা আবুল হাসনাত
|
| 250 |
|
|
|a Muktijuddher kabita
|
| 260 |
|
|
|a ঢাকা :
|b অবসর,
|c ২০০০ [দশম মুদ্রণ ২০২২]
|
| 300 |
|
|
|a ৩৭৫ পৃষ্ঠা ;
|c ২২ সে.মি.
|
| 526 |
|
|
|a GenEd (Residential Campus)
|
| 541 |
|
|
|a Development Book Agency
|e 40812, 40813
|
| 650 |
|
|
|a Bengali literature.
|
| 651 |
|
|
|a Bangladesh
|x History
|y Revolution, 1971
|
| 700 |
|
|
|a হাসনাত, আবুল
|9 18125
|
| 852 |
|
|
|a Ayesha Abed Library
|c General Stacks
|
| 942 |
|
|
|2 ddc
|c BK
|
| 999 |
|
|
|c 45382
|d 45382
|
| 952 |
|
|
|0 0
|1 0
|2 ddc
|4 0
|6 954_920500000000000_MUK
|7 0
|9 72978
|a SCL
|b SCL
|c GEN
|d 2023-01-15
|e Development Book Agency
|g 374.00
|l 1
|m 1
|o 954.9205 MUK
|p 3020040812
|r 2024-03-27
|s 2024-03-23
|t 1
|v 374.00
|w 2023-01-15
|y BK
|
| 952 |
|
|
|0 0
|1 0
|2 ddc
|4 0
|6 954_920500000000000_MUK
|7 0
|9 72979
|a SCL
|b SCL
|c GEN
|d 2023-01-15
|e Development Book Agency
|g 374.00
|l 0
|o 954.9205 MUK
|p 3020040813
|r 2023-01-15
|t 2
|v 374.00
|w 2023-01-15
|y BK
|